Die Naturrechtsdebatte. Geschichte der Obligatio vom 17. bis 20. Jahrhundert.

Salvato in:
Dettagli Bibliografici
Autore principale: Hartung, Gerald (autor)
Natura: Libro
Pubblicazione: München, Deutschland: Karl Alber Freiburg, 1999.
Serie:Alber-Reihe Praktische Philosophie,
Soggetti:
Tags: Aggiungi Tag
Nessun Tag, puoi essere il primo ad aggiungerne!!

MARC

LEADER 00000nam a22000007a 4500
003 CL-VaPUC
005 20220822114654.0
008 220720t1999 ||||| |||| 00| 0 eng d
999 |c 437298  |d 437296 
020 |a 3-495-47926-0 
040 |c Pontificia Universidad Católica de Valparaíso 
082 7 |a 340.1 HAR 1999  |2 22 
100 1 |a Hartung, Gerald   |e autor  |9 873419 
245 1 4 |a  Die Naturrechtsdebatte.   |b Geschichte der Obligatio vom 17. bis 20. Jahrhundert.  
260 |a München, Deutschland:   |b Karl Alber Freiburg,   |c 1999. 
300 |a 366 páginas.  
490 |a Alber-Reihe Praktische Philosophie,  |n  Band 56. 
500 |a c.1 Donación Familia Prof. Alejandro Guzmán Brito. 
583 |c 20220720  |k Cristina María Rojas Aguilar 
650 |a Filosofía del derecho  |9 873420 
650 |a Derecho natural   |x Historia   |9 869335 
942 |2 ddc  |c BK  |n 0 
952 |0 0  |1 0  |2 ddc  |4 0  |6 340_100000000000000_HAR_1999  |7 0  |8 C_AGB  |9 585056  |a BIBDER  |b BIBDER  |d 2022-07-20  |e Donación   |i 5653119  |o 340.1 HAR 1999  |p 5653119  |r 2023-01-25  |t 1  |w 2022-07-20  |y BK_US  |k AGB